000
00344 a2200157 4500
001
195320
020
_a
978-85-64804-24-1
040
_c
Magnum
100
_a
Meira, Edson
240
1
0
_a
Fábulas para sonhar
_l
por
245
1
0
_a
Fábulas para sonhar
300
_a
318
362
0
_a
2011
697
_a
LITERATURA INFANTO-JUVENIL
942
_c
BK
999
_c
195320
_d
195320